000 00736cam a2200241 a 4500
001 12711624
005 20180227034458.0
008 020320s2003 maua b 001 0 eng
010 _a 2002016416
020 _a0205334318
040 _aDLC
_cDLC
_dDLC
041 _aeng
043 _an-us---
080 _a371.2 HAN
082 0 0 _a371.2 HAN
_221
100 1 _a25
101 _aEDU
245 1 0 _aEducational administration and organizational behavior /
_cE. Mark Hanson.
504 _aIncludes bibliographical references and indexes.
906 _a7
_bcbc
_corignew
_d1
_eocip
_f20
_gy-gencatlg
942 _2ddc
_cBK
999 _c43547
_d43547